Pensar en derecho (Registro nro. 8663)
[ vista simple ]
| 000 -LEADER | |
|---|---|
| fixed length control field | 01438nas a2200265 454500 |
| 001 - CONTROL NUMBER | |
| control field | 28996 |
| 005 - DATE AND TIME OF LATEST TRANSACTION | |
| control field | 20260407193507.0 |
| 008 - FIXED-LENGTH DATA ELEMENTS--GENERAL INFORMATION | |
| fixed length control field | 260407s2012####ag###########|||spa#d |
| 003 - CONTROL NUMBER IDENTIFIER | |
| control field | AR-UNSa-BCEJYS |
| 040 ## - CATALOGING SOURCE | |
| Original cataloging agency | AR-UNSa-BCEJYS |
| Language of cataloging | spa |
| Transcribing agency | AR-UNSa-BCEJYS |
| 080 ## - UNIVERSAL DECIMAL CLASSIFICATION NUMBER | |
| Universal Decimal Classification number | 34 |
| Common auxiliary subdivision | Derecho |
| 022 ## - INTERNATIONAL STANDARD SERIAL NUMBER | |
| International Standard Serial Number | 2314-0186 |
| 041 ## - LANGUAGE CODE | |
| Language code of text/sound track or separate title | spa |
| 100 1# - MAIN ENTRY--PERSONAL NAME | |
| Personal name | Universidad de Buenos Aires. Facultad de Derecho |
| 245 10 - TITLE STATEMENT | |
| Title | Pensar en derecho |
| 264 #1 - PRODUCTION, PUBLICATION, DISTRIBUTION, MANUFACTURE, AND COPYRIGHT NOTICE | |
| Place of production, publication, distribution, manufacture | Buenos Aires : |
| Name of producer, publisher, distributor, manufacturer | EUDEBA (Editorial Universitaria de Buenos Aires) |
| Date of production, publication, distribution, manufacture, or copyright notice | 2012 |
| 310 ## - CURRENT PUBLICATION FREQUENCY | |
| Current publication frequency | Frecuencia: irregular |
| 520 ## - SUMMARY, ETC. | |
| Summary, etc. | Convoca a docentes, profesores e investigadores de la Facultad de Derecho a presentar artículos inéditos. Deben ser trabajos de investigación en el campo de las ciencias jurídicas o afines que respondan a criterios de relevancia social, innovación teórica, claridad conceptual, rigor metodológico y construcción de fuentes fiables.<br/><br/>La revista está animada por el propósito de generar un espacio de debate académico que permita dar a conocer cuáles son algunos de los principales temas de preocupación de la comunidad académica de la Facultad de Derecho de la Universidad de Buenos Aires. |
| 590 ## - LOCAL NOTE (RLIN) | |
| Local note | niveau_biblio:s niveau_hierar:1 |
| 650 ## - SUBJECT ADDED ENTRY--TOPICAL TERM | |
| Topical term or geographic name entry element | Derecho constitucional |
| 650 ## - SUBJECT ADDED ENTRY--TOPICAL TERM | |
| Topical term or geographic name entry element | Derecho |
| 650 ## - SUBJECT ADDED ENTRY--TOPICAL TERM | |
| Topical term or geographic name entry element | DERECHO COMERCIAL |
| 856 41 - ELECTRONIC LOCATION AND ACCESS | |
| Uniform Resource Identifier | <a href="https://biblioeco.unsa.edu.ar/pmb/images/revistas/Pensar en Derecho-r13996.jpg">https://biblioeco.unsa.edu.ar/pmb/images/revistas/Pensar en Derecho-r13996.jpg</a> |
| Link text | Imagen de portada |
| Electronic format type | image/jpeg |
| 942 ## - ADDED ENTRY ELEMENTS (KOHA) | |
| Koha item type | |
| Withdrawn status | Lost status | Damaged status | Not for loan | Home library | Current library | Shelving location | Date acquired | Serial enumeration / chronology | Total checkouts | Full call number | Barcode | Date last seen | Price effective from | Koha item type |
|---|---|---|---|---|---|---|---|---|---|---|---|---|---|---|
| Biblioteca Prof. Eusebio Cleto del Rey | Biblioteca Prof. Eusebio Cleto del Rey | 01/10/2019 | Año 8, Nº 14 - oct. 2014 | H34 PEN a8.n14 | R22369 | 10/04/2026 | 10/04/2026 | Numero | ||||||
| Biblioteca Prof. Eusebio Cleto del Rey | Biblioteca Prof. Eusebio Cleto del Rey | 01/03/2019 | Año 5, Nº 13 - mar. 2019 | H34 PEN a5.n13 | R22218 | 10/04/2026 | 10/04/2026 | Numero | ||||||
| Biblioteca Prof. Eusebio Cleto del Rey | Biblioteca Prof. Eusebio Cleto del Rey | 01/09/2018 | Año 5, Nº 12 - sep. 2018 | H34 PEN a5.n12 | R22059 | 10/04/2026 | 10/04/2026 | Numero | ||||||
| Biblioteca Prof. Eusebio Cleto del Rey | Biblioteca Prof. Eusebio Cleto del Rey | 01/04/2018 | Año 5, Nº 11 - abr. 2018 | H34 PEN a5.n11 | R21965 | 10/04/2026 | 10/04/2026 | Numero | ||||||
| Biblioteca Prof. Eusebio Cleto del Rey | Biblioteca Prof. Eusebio Cleto del Rey | 01/10/2017 | Año 5, Nº 10 - oct. 2017 | H34 PEN a5.n10 | R21510 | 10/04/2026 | 10/04/2026 | Numero | ||||||
| Biblioteca Prof. Eusebio Cleto del Rey | Biblioteca Prof. Eusebio Cleto del Rey | 01/03/2017 | Año 5, Nº 9 - mar. 2017 | H34 PEN a5.n9 | R20705 | 10/04/2026 | 10/04/2026 | Numero | ||||||
| Biblioteca Prof. Eusebio Cleto del Rey | Biblioteca Prof. Eusebio Cleto del Rey | 01/08/2016 | Año 5, Nº 8 - ago. 2016 | H34 PEN a5.n8 | R20557 | 10/04/2026 | 10/04/2026 | Numero | ||||||
| Biblioteca Prof. Eusebio Cleto del Rey | Biblioteca Prof. Eusebio Cleto del Rey | 01/12/2015 | Año 4, Nº 7 - dic. 2015 | H34 PEN a4.n7 | R19873 | 10/04/2026 | 10/04/2026 | Numero | ||||||
| Biblioteca Prof. Eusebio Cleto del Rey | Biblioteca Prof. Eusebio Cleto del Rey | 01/08/2015 | Año 4, Nº 6 - ago. 2015 | H34 PEN a4.n6 | R15466 | 10/04/2026 | 10/04/2026 | Numero | ||||||
| Biblioteca Prof. Eusebio Cleto del Rey | Biblioteca Prof. Eusebio Cleto del Rey | 01/02/2015 | Año 3, Nº 5 - feb. 2015 | H34 PEN a3.n5 | R13996 | 10/04/2026 | 10/04/2026 | Numero |